Green fresh smoothie - some physico-chemical and nutritional aspects

Increasing tendency for fresh food - fruits, vegetables, and herbs consumption worldwide and also in our country, shows the weight that they have held or hold them in the diet. In their case, not only good looks, nice color or taste and aromas are considered to be important, but especially their nut...

Teljes leírás

Elmentve itt :
Bibliográfiai részletek
Szerzők: Velciov Ariana
Popescu Sofia
Cozma Antoanela
Stoin Daniela
Riviş Adrian
Bujancă Gabriel
Pintea Marius
Testületi szerző: International Symposium on Analytical and Environmental Problems (23.) (2017) (Szeged)
Dokumentumtípus: Könyv része
Megjelent: 2017
Sorozat:Proceedings of the International Symposium on Analytical and Environmental Problems 23
Kulcsszavak:Analitikai kémia, Élelmiszeripari technológia, Táplálkozás, Egészséges életmód
Online Access:http://acta.bibl.u-szeged.hu/56194
LEADER 02236naa a2200277 i 4500
001 acta56194
005 20260224081030.0
008 190102s2017 hu o 100 eng d
020 |a 978-963-306-563-1 
040 |a SZTE Egyetemi Kiadványok Repozitórium  |b hun 
041 |a eng 
100 1 |a Velciov Ariana 
245 1 0 |a Green fresh smoothie - some physico-chemical and nutritional aspects  |h [elektronikus dokumentum] /  |c  Velciov Ariana 
260 |c 2017 
300 |a 225-229 
490 0 |a Proceedings of the International Symposium on Analytical and Environmental Problems  |v 23 
520 3 |a Increasing tendency for fresh food - fruits, vegetables, and herbs consumption worldwide and also in our country, shows the weight that they have held or hold them in the diet. In their case, not only good looks, nice color or taste and aromas are considered to be important, but especially their nutritional value, rich in sugars, vitamins and minerals needed in the diet of the human body. They also have the advantage that it can be consumed without any processing who could reduce the nutritional value. The purpose of the study was to obtain and reveal some physico-chemical and nutritional properties of some fresh foods: green apple (Golden delicious – Malus domestica.), baby spinach (Spinach oleracea), pineapple (Ananas comosus) and mint leaves (Mentha piperita) and the juice that we obtain from them, while achieving a characterization highlighting their dietary and healing properties. The study presents important application not only for food industry, but also for other areas, because it addresses to special categories of consumers such as vegetarians and people with lactose intolerance and fasting period. 
695 |a Analitikai kémia, Élelmiszeripari technológia, Táplálkozás, Egészséges életmód 
700 0 1 |a Popescu Sofia  |e aut 
700 0 1 |a Cozma Antoanela  |e aut 
700 0 1 |a Stoin Daniela  |e aut 
700 0 1 |a Riviş Adrian  |e aut 
700 0 1 |a Bujancă Gabriel  |e aut 
700 0 1 |a Pintea Marius  |e aut 
710 |a International Symposium on Analytical and Environmental Problems (23.) (2017) (Szeged) 
856 4 0 |u http://acta.bibl.u-szeged.hu/56194/1/proceedings_of_isaep_2017_225-229.pdf  |z Dokumentum-elérés